000
00240nam a22000977a 4500
100
_a
Arya,Geeta
_9
79627
245
_a
The Life and Times of Bhagat Singh
260
_a
Delhi
_b
Arena Book Shop
_c
2017
650
_a
Childran Book
_9
7575
942
_c
BK
999
_c
63270
_d
63270